000 00319nam a22000977a 4500
082 _a891.433/उपन्यास
100 _aगीतांजलि श्री
_981872
245 _aरेत समाधि
260 _aनई दिल्ली
_bराजकमल प्रकाशन
_c2022
942 _cBK
999 _c66060
_d66060